| 000 | 00867cam a2200265 a 4500 | ||
|---|---|---|---|
| 001 | 000018445 | ||
| 003 | UkOxU | ||
| 005 | 20200929165817.0 | ||
| 008 | 750717s1970 sp a 000 f spa d | ||
| 035 | _aOCLC ocm01455476 from D970210T | ||
| 040 |
_aDO-SdBNP _cZIH _dEQO _dBNPHU |
||
| 082 |
_a862.4 _bC121no |
||
| 100 | 1 |
_aCadalso, José, _d1741-1782. _922405 |
|
| 245 | 1 | 0 |
_aNoches lúgubres / _cJosé Cadalso ; Introducción, edición y notas de Joaquín Arce. |
| 260 |
_aMadrid : _bAnaya, _c1970. |
||
| 300 |
_a76 p. : _bil. ; _c17 cm. |
||
| 490 | 1 |
_aBiblioteca Anaya _v8 |
|
| 504 | _aBibliografías: p. 26 -30. | ||
| 650 | 4 |
_aNovela española _91123 |
|
| 650 | 4 |
_aLiteratura española _ySIGLO XVIII _913698 |
|
| 700 | 1 |
_aArce, Joaquín. _eintrod. _939922 |
|
| 830 | 0 |
_aBiblioteca Anaya ; _v8 _98674 |
|
| 910 | _aCatalogación por derivada /Oxford | ||
| 049 | _aBNGR | ||
| 999 |
_c17965 _d17965 |
||